[Event "Corsica Masters op 13th"]
[Site "Bastia"]
[Date "2009.10.25"]
[Round "1"]
[White "Palac, Mladen"]
[Black "Levacic, Adrien"]
[Result "1-0"]
[WhiteElo "2576"]
[BlackElo "1893"]
[PlyCount "71"]
[EventDate "2009.10.25"]
[EventType "swiss"]
[EventRounds "9"]
[EventCountry "FRA"]
[SourceTitle "EXT 2010"]
[Source "ChessBase"]
[SourceDate "2010.11.25"]
[SourceVersion "1"]
[SourceVersionDate "2010.11.25"]
[SourceQuality "1"]

1. e4 e5 2. Nf3 Nc6 3. Bc4 Nf6 4. d3 Be7 5. 0-0 d6 6. c3 0-0 7. Bb3 Bg4 8. h3 Bh5 9. Re1 Qd7 10. Nbd2 h6 11. Nf1 Nh7 12. Ng3 Bg6 13. d4 Rad8 14. Ba4 Qc8 15. Bxc6 bxc6 16. dxe5 dxe5 17. Qa4 Qe6 18. Qxa7 Bd6 19. Qa4 Ra8 20. Qxc6 Rxa2 21. Rxa2 Qxa2 22. Nh4 Qe6 23. b4 Rd8 24. Be3 Nf6 25. Ra1 Nh5 26. Ngf5 Nf4 27. Bxf4 exf4 28. Nxg6 Qxg6 29. Ra8 Rxa8 30. Qxa8+ Kh7 31. Nxd6 Qxd6 32. Qd5 Qa6 33. Kh2 Qa1 34. Qf5+ Kg8 35. Qc8+ Kh7 36. Qxc7 1-0

[Event "EU-Cup 25th"]
[Site "Ohrid"]
[Date "2009.10.09"]
[Round "6.4"]
[White "Levacic, Adrien"]
[Black "Fletcher, John T"]
[Result "1-0"]
[WhiteElo "1893"]
[BlackElo "2045"]
[PlyCount "63"]
[EventDate "2009.10.04"]
[EventType "team-swiss"]
[EventRounds "7"]
[EventCountry "MKD"]
[SourceTitle "CBM 133"]
[Source "ChessBase"]
[SourceDate "2009.11.19"]
[SourceVersion "1"]
[SourceVersionDate "2009.11.19"]
[SourceQuality "1"]
[WhiteTeam "Monte Carlo"]
[BlackTeam "Cardiff"]
[WhiteTeamCountry "MNC"]
[BlackTeamCountry "WLS"]

1. d4 Nf6 2. c4 e6 3. Nf3 d5 4. Nc3 Nbd7 5. cxd5 exd5 6. Bg5 Bb4 7. Qc2 h6 8. Bd2 0-0 9. a3 Bxc3 10. Bxc3 Ne4 11. e3 Re8 12. Bd3 Ndf6 13. 0-0 Nxc3 14. Qxc3 Qd6 15. Rfc1 c6 16. b4 Bd7 17. Qb3 Ne4 18. b5 c5 19. dxc5 Nxc5 20. Qb4 b6 21. Nd4 Qe5 22. Be2 Rac8 23. Rd1 Ne4 24. Bf3 Rc4 25. Qe1 Nc3 26. Rd3 Rxd4 27. Rxd4 Nxb5 28. Rxd5 Qe6 29. Rd3 Rc8 30. Rad1 Be8 31. Qb4 a5 32. Qg4 1-0

[Event "EU-Cup 25th"]
[Site "Ohrid"]
[Date "2009.10.04"]
[Round "1.4"]
[White "Levacic, Adrien"]
[Black "Abeln, Michiel"]
[Result "0-1"]
[WhiteElo "1893"]
[BlackElo "2334"]
[PlyCount "34"]
[EventDate "2009.10.04"]
[EventType "team-swiss"]
[EventRounds "7"]
[EventCountry "MKD"]
[SourceTitle "CBM 133"]
[Source "ChessBase"]
[SourceDate "2009.11.19"]
[SourceVersion "1"]
[SourceVersionDate "2009.11.19"]
[SourceQuality "1"]
[WhiteTeam "Monte Carlo"]
[BlackTeam "Calder HMC"]
[WhiteTeamCountry "MNC"]
[BlackTeamCountry "NED"]

1. d4 b5 2. g3 Nf6 3. c4 g6 4. Bg2 Bg7 5. Nc3 0-0 6. Nf3 d6 7. 0-0 Nc6 8. b3 e5 9. dxe5 dxe5 10. Ba3 Re8 11. Qxd8 Rxd8 12. e4 Nd4 13. Rad1 c6 14. cxb5 Nxf3+ 15. Bxf3 cxb5 16. Be7 Rd4 17. Rfe1 Bd7 0-1

[Event "EU-Cup 24th"]
[Site "Kallithea"]
[Date "2008.10.22"]
[Round "6"]
[White "Simjanovski, Saso"]
[Black "Levacic, Adrien"]
[Result "1-0"]
[WhiteElo "2223"]
[BlackElo "1891"]
[PlyCount "57"]
[EventDate "2008.10.17"]
[EventType "team-swiss"]
[EventRounds "7"]
[EventCountry "GRE"]
[SourceTitle "CBM 127"]
[Source "ChessBase"]
[SourceDate "2008.11.13"]
[SourceVersion "1"]
[SourceVersionDate "2008.11.13"]
[SourceQuality "1"]
[WhiteTeam "Skopje Gambit Peksim"]
[BlackTeam "Monaco"]
[WhiteTeamCountry "MKD"]
[BlackTeamCountry "MNC"]

1. Nf3 Nf6 2. g3 d5 3. Bg2 Bf5 4. c4 e6 5. Qb3 Na6 6. d3 Nc5 7. Qc2 h6 8. 0-0 a5 9. cxd5 exd5 10. Nc3 c6 11. e4 Bh7 12. Be3 dxe4 13. Bxc5 Bxc5 14. Nxe4 Nxe4 15. dxe4 Bb6 16. Rad1 Qe7 17. Qb3 Bc5 18. Bh3 0-0 19. Rd7 Qxe4 20. Rxb7 Qd3 21. Qxd3 Bxd3 22. Rc1 Be4 23. Nd2 Bxf2+ 24. Kxf2 Bd5 25. Bg2 Rfb8 26. Rxb8+ Rxb8 27. b3 Rb4 28. Bxd5 cxd5 29. Rc5 1-0

[Event "EU-Cup 24th"]
[Site "Kallithea"]
[Date "2008.10.17"]
[Round "1"]
[White "Herndlbauer, Martin"]
[Black "Levacic, Adrien"]
[Result "1-0"]
[WhiteElo "2122"]
[BlackElo "1891"]
[PlyCount "55"]
[EventDate "2008.10.17"]
[EventType "team-swiss"]
[EventRounds "7"]
[EventCountry "GRE"]
[SourceTitle "CBM 127"]
[Source "ChessBase"]
[SourceDate "2008.11.13"]
[SourceVersion "1"]
[SourceVersionDate "2008.11.13"]
[SourceQuality "1"]
[WhiteTeam "Baden Invest"]
[BlackTeam "Monaco"]
[WhiteTeamCountry "AUT"]
[BlackTeamCountry "MNC"]

1. e4 e5 2. Nf3 Nc6 3. Bb5 g6 4. c3 Nge7 5. d4 exd4 6. cxd4 d5 7. e5 Bg7 8. h3 0-0 9. Nc3 f6 10. exf6 Rxf6 11. Ne2 h6 12. Bf4 Bf5 13. Qd2 g5 14. Be3 Be4 15. h4 g4 16. Nh2 h5 17. Ng3 Bg6 18. Bd3 Nf5 19. Bxf5 Bxf5 20. Nxh5 Re6 21. Nxg7 Kxg7 22. g3 Qd6 23. 0-0 Rae8 24. Rae1 Qb4 25. Bh6+ Kh7 26. Rxe6 Qxd2 27. Bxd2 Rxe6 28. Be3 1-0

[Event "FRA-chT U20"]
[Site "Pau"]
[Date "2005.12.19"]
[Round "6"]
[White "Levacic, Adrien"]
[Black "Moussard, Jules"]
[Result "0-1"]
[WhiteElo "1560"]
[BlackElo "2099"]
[PlyCount "64"]
[EventDate "2005.12.??"]
[EventType "team"]
[EventRounds "11"]
[EventCountry "FRA"]
[SourceTitle "EXT 2007"]
[Source "ChessBase"]
[SourceDate "2006.11.23"]
[SourceVersion "1"]
[SourceVersionDate "2006.11.23"]
[SourceQuality "1"]
[WhiteTeam "Cannes"]
[BlackTeam "Paris NAO"]
[WhiteTeamCountry "FRA"]
[BlackTeamCountry "FRA"]

1. d4 Nf6 2. c4 g6 3. Nf3 Bg7 4. g3 0-0 5. Bg2 d5 6. cxd5 Nxd5 7. 0-0 Nc6 8. Nc3 Nb6 9. Be3 Nc4 10. Qb3 Nxe3 11. fxe3 Bh6 12. Ne4 Be6 13. Qc3 Bd5 14. Ned2 f5 15. Rfd1 Qd7 16. Ne1 Rad8 17. Bxd5+ Qxd5 18. Ng2 e5 19. dxe5 Nxe5 20. Qb3 Qxb3 21. Nxb3 Nc4 22. Kf2 Nxb2 23. Rdc1 b5 24. Rxc7 Nd1+ 25. Kf3 g5 26. g4 Bg7 27. Rac1 fxg4+ 28. Kxg4 Rf2 29. Ne1 Nxe3+ 30. Kg3 Rdf8 31. Rxa7 Be5+ 32. Kh3 Rxh2# 0-1

[Event "FRA-chT U20 0304"]
[Site "France"]
[Date "2004.05.02"]
[Round "11"]
[White "Levacic, Adrien"]
[Black "Caput, Jules"]
[Result "1-0"]
[WhiteElo "1320"]
[BlackElo "1340"]
[PlyCount "77"]
[EventDate "2003.11.??"]
[EventType "team"]
[EventRounds "11"]
[EventCountry "FRA"]
[SourceTitle "EXT 2005"]
[Source "ChessBase"]
[SourceDate "2004.11.15"]
[SourceVersion "1"]
[SourceVersionDate "2004.11.15"]
[SourceQuality "1"]
[WhiteTeam "Cannes"]
[BlackTeam "Creteil"]
[WhiteTeamCountry "FRA"]
[BlackTeamCountry "FRA"]

1. c4 e5 2. g3 Nf6 3. Bg2 d5 4. cxd5 Nxd5 5. Nf3 Nc6 6. Nc3 Bf5 7. 0-0 Bc5 8. d3 Nxc3 9. bxc3 h6 10. Nxe5 Nxe5 11. d4 Qf6 12. dxc5 Nc6 13. Bd2 Rd8 14. Qc1 0-0 15. Re1 Qe6 16. Qb2 b6 17. cxb6 axb6 18. Bf4 Rd7 19. Qb5 Ne7 20. Red1 Rfd8 21. Rxd7 Rxd7 22. Qe5 Ng6 23. Qxe6 Bxe6 24. Be3 Bc4 25. Kf1 Ne5 26. f3 Re7 27. Kf2 g5 28. h3 f5 29. f4 gxf4 30. gxf4 Ng6 31. a4 Nh4 32. Bc6 Re6 33. Bd7 Re7 34. Bb5 Bd5 35. Rd1 Ba8 36. Bc4+ Kg7 37. Bd4+ Kg6 38. Rg1+ Kh7 39. Bg8# 1-0

[Event "FRA-chT U20 0304"]
[Site "France"]
[Date "2004.05.01"]
[Round "9"]
[White "Levacic, Adrien"]
[Black "Hallope, Arnaud"]
[Result "1-0"]
[WhiteElo "1320"]
[BlackElo "1350"]
[PlyCount "67"]
[EventDate "2003.11.??"]
[EventType "team"]
[EventRounds "11"]
[EventCountry "FRA"]
[SourceTitle "EXT 2005"]
[Source "ChessBase"]
[SourceDate "2004.11.15"]
[SourceVersion "1"]
[SourceVersionDate "2004.11.15"]
[SourceQuality "1"]
[WhiteTeam "Cannes"]
[BlackTeam "Sautron"]
[WhiteTeamCountry "FRA"]
[BlackTeamCountry "FRA"]

1. c4 e5 2. g3 Nf6 3. Bg2 d5 4. cxd5 Nxd5 5. Nf3 Nc6 6. Nc3 Nb6 7. 0-0 Be7 8. d3 0-0 9. Bd2 Be6 10. Re1 f6 11. Rc1 Qd7 12. Ne4 Bd5 13. Nc5 Bxc5 14. Rxc5 Qd6 15. Be3 Rae8 16. Rc1 Qb4 17. Bc5 Qxb2 18. Bxf8 Kxf8 19. Rc2 Qb5 20. Qc1 Qb4 21. Nd2 Bxg2 22. Kxg2 Qd4 23. Qa3+ Kg8 24. Qb3+ Kh8 25. Nf3 Qd7 26. Rc5 Qd6 27. Rc2 Na5 28. Qf7 Qe7 29. Rxc7 Qxf7 30. Rxf7 Rc8 31. Rc1 Re8 32. Rcc7 Nd5 33. Rc5 Nc6 34. Rxd5 1-0